| 000 | 00427nam a2200181Ia 4500 | ||
|---|---|---|---|
| 008 | 210210b1951 xxu||||| |||| 00| 0 eng d | ||
| 041 | _aeng | ||
| 082 | _a330/484 | ||
| 100 | _aWINTON (T R) | ||
| 245 | _aDictionary of economic terms | ||
| 260 |
_aLondon _bRoutledge & Kegan Paul Ltd. _c1951 |
||
| 650 | _aterms | ||
| 650 | _aof | ||
| 650 | _aeconomic | ||
| 650 | _aDictionary | ||
| 690 | _aEconomics | ||
| 906 | _a003887 | ||
| 999 |
_c121478 _d121478 |
||